| 000 | 00738nam a22002297a 4500 | ||
|---|---|---|---|
| 003 | OSt | ||
| 005 | 20250717162336.0 | ||
| 008 | 250717b |||||||| |||| 00| 0 eng d | ||
| 020 | _a1851682856 | ||
| 040 | _cDCL | ||
| 041 | _aEnglish | ||
| 100 | 1 | _aGethin, R. M. L | |
| 245 | 1 | 4 |
_aThe Buddhist Path to Awakening / _cR.M.L. Gethin. |
| 260 |
_aOxford : _bOneworld Publications , _c2001. |
||
| 300 | _aXv, 401 pages : | ||
| 504 | _aIncludes bibliographical references and index. | ||
| 650 |
_aEnlightenment (Buddhism) _xRequisites |
||
| 650 | _aNoble Eightfold Path | ||
| 856 |
_uhttps://library.dhammadhara.com/cgi-bin/koha/opac-retrieve-file.pl?id=bbf725d8e8ce9cf213d7e6d9fd9fa785 _yE Book |
||
| 942 |
_2ddc _cEBK _n0 |
||
| 999 |
_c1598 _d1598 |
||